000 00405nam a2200145Ia 4500
008 150610s9999 xx 000 0 und d
020 _a0439574684 
050 _aPZ7
_b.Av957 2002 
100 _aAvi 
245 _aCrispin the cross of lead
_cAvi.
260 _aNew York :
_bScholastic,
_c2002.
300 _a262pages ;
_c20 cm.
520 _aJuvenile fiction.
650 _aOrphans
_x Juvenile fiction.
999 _c288120
_d288120